00293 a2200097 4500001001000000005001700010008004100027245003800068100002200106773006700128ART_1206820260410161903.0260409a 10aNormalization in point estimation1 aFisher, Walter D.0 tJournal of econometricsg- Vol. 4, NÂș 3 (ago. 1976)wREV11720